Pisztráng itthon és a nagyvilágban

Bibliographic Details
Main Author: Bíró E. Zsolt
Other Authors: Gundel Dr. János
Format: Thesis
Kulcsszavak:Szakdolgozat
Online Access:http://dolgozattar.uni-bge.hu/7613

MARC

LEADER 00000nta a2200000 i 4500
001 dolg7613
005 20161206100823.0
008 161110suuuu hu om 000 hun d
040 |a BGE Dolgozattár Repozitórium  |b hun 
041 |a hu 
100 1 |a Bíró E. Zsolt 
245 1 0 |a Pisztráng itthon és a nagyvilágban  |c Bíró E. Zsolt  |h [elektronikus dokumentum] 
246 1 1 |a Pisztráng itthon és a nagyvilágban 
246 1 1 |a Trout here and abroud 
695 |a Szakdolgozat 
700 1 |a Gundel Dr. János  |e ths 
856 4 0 |u http://dolgozattar.uni-bge.hu/7613/1/Szakdolgozat%20B%C3%ADr%C3%B3%20E.%20Zsolt%20%28b%C5%91rk%C3%B6t%C3%A9shez%29%202016.11.08...pdf  |z Dokumentum-elérés